Normal view
MARC view
- الكويت-تاريخ، الكويت- الاحوال السياسية، ال الصباح-تاريخ
Entry Topical Term
001 - CONTROL NUMBER
- control field: 38159
003 - CONTROL NUMBER IDENTIFIER
- control field: JO-AjAnu
005 - DATE AND TIME OF LATEST TRANSACTION
- control field: 20230606080345.0
008 - FIXED-LENGTH DATA ELEMENTS
- fixed length control field: 230606|| aca||aabn | a|a d
040 ## - CATALOGING SOURCE
- Original cataloging agency: JO-AjAnu
- Transcribing agency: JO-AjAnu
150 ## - HEADING--TOPICAL TERM
- Topical term or geographic name entry element: الكويت-تاريخ، الكويت- الاحوال السياسية، ال الصباح-تاريخ
670 ## - SOURCE DATA FOUND
- Source citation: Work cat.: (JO-AjAnu)19576: العنابي، زهر, author 38158, آل صباح زمان وتاريخ في بنية الشخصية الكويتية: صاحب السمو الشيخ جابر الأحمد الجابر الصباح أنموذجا